Cognitive Behavioral Interventions for Mental Health Practitioners / Mental Health in Practice (Record no. 3014)
[ view plain ]
| 000 -LEADER | |
|---|---|
| fixed length control field | 01192cam a22002054a 4500 |
| 005 - ΗΜΕΡΟΜΗΝΙΑ ΚΑΙ ΩΡΑ ΤΕΛΕΥΤΑΙΑΣ ΕΝΗΜΕΡΩΣΗΣ | |
| Πεδίο ελέγχου | 20250605164102.0 |
| 008 - FIXED-LENGTH DATA ELEMENTS--GENERAL INFORMATION | |
| Πεδίο ελέγχου σταθερού μήκους | 250528s ||||||||||||||||||||||||d |
| 035 ## - SYSTEM CONTROL NUMBER | |
| System control number | 17611 |
| 020 ## - ISBN | |
| ISBN | 9781844452101 |
| 040 ## - ΠΗΓΗ ΚΑΤΑΛΟΓΟΓΡΑΦΗΣΗΣ | |
| Φορέας πρωτότυπης καταλογογράφησης | MC Athens Campus Library |
| Γλώσσα καταλογογράφησης | Ελληνικά, Μοντέρνα (1453-) |
| Modifying agency | MC Athens Campus Library |
| Κανόνες περιγραφικής καταλογογράφησης | AACR2 |
| 245 1# - ΤΙΤΛΟΣ ΚΑΙ ΔΗΛΩΣΗ ΥΠΕΥΘΥΝΟΤΗΤΑΣ | |
| Τίτλος | Cognitive Behavioral Interventions for Mental Health Practitioners / Mental Health in Practice |
| 250 ## - EDITION STATEMENT | |
| Edition statement | 1st |
| 260 ## - PUBLICATION, DISTRIBUTION, ETC. | |
| Name of publisher, distributor, etc. | Learning Matters, |
| Date of publication, distribution, etc. | 2010 |
| 300 ## - PHYSICAL DESCRIPTION | |
| Extent | 126 |
| 520 ## - SUMMARY, ETC. | |
| Summary, etc. | Mental Health in Practice is an exciting new series of books for mental health professionals and practitioners. It combines academic theory with the practical realities of working in the field of mental health and is packed full of activities and features to reinforce learning. Acknowledgements, Introduction, A Brief History of Cognitive Behavioral Therapy, Unmet Need: Policy Related Recommendations, Client Preparation and Assessment, Helping Anxious People, Helping People Who are Low in Mood, Helping People Who Hear Voices and Have False Beliefs, Helping People with Borderline Personality Disorder, Conclusion, Glossary, References, Index. |
| 700 1# - ΠΡΟΣΘΕΤΗ ΑΝΑΓΡΑΦΗ--ΦΥΣΙΚΟ ΠΡΟΣΩΠΟ | |
| Personal name | Grant Alec |
| 9 (RLIN) | 3794 |
| 942 ## - ADDED ENTRY ELEMENTS (KOHA) | |
| Koha item type | Books |
| Τύπος τεκμηρίου | Βιβλιοθήκη | Τρέχουσα τοποθεσία | Barcode | Αριθμός εισαγωγής | Ημερομηνία απόκτησης | Ταξιθετικό σύμβολο | Αριθμός αντιτύπου | Κατάσταση απόσυρσης | Κατάσταση χαμένου | Κατάσταση κατεστραμμένου | Μη δανεισμός | Σύνολο δανεισμών | Ημερομηνία τελευταίας εμφάνισης | Η τιμή ισχύει από |
|---|---|---|---|---|---|---|---|---|---|---|---|---|---|---|
| Books | MC Athens Campus Library | MC Athens Campus Library | 9780000030139 | 5851 | 05/06/2025 | 616.89142 GRA | 1 | 05/06/2025 | 05/06/2025 |